Celebrities with over 100 Million Instagram Followers - Sudden Death - Statistics

General Stats
  • This quiz has been taken 527 times
  • The average score is 4 of 19
Answers on the Grid
Answers color-coded by a green-red scale on the quiz's grid according to % correct below.
Ariana Grande
Billie Eilish
Camila Cabello
Chris Brown
David Beckham
Drake
Dua Lipa
Gal Gadot
Gigi Hadid
Jennifer Lopez
Justin Beiber
Justin Timberlake
Katy Perry
Kevin Hart
Khloé Kardashian
Kylian Mbappé
Lebron James
Lionel Messi
Miley Cyrus
Mr. Beast
Narendra Modi
Neymar
Nicki Minaj
Priyanka Chopra
Selena Gomez
Shakira
Shawn Mendes
Snoop Dogg
Taylor Swift
The Weeknd
Will Smith
Zendaya
 
Answer Stats
Answer % Correct
Ariana Grande
75%
Billie Eilish
50%
Taylor Swift
38%
Drake
35%
Lionel Messi
31%
Justin Beiber
29%
Selena Gomez
24%
Lebron James
18%
Neymar
16%
Zendaya
15%
Khloé Kardashian
13%
Jennifer Lopez
12%
Katy Perry
12%
Kylian Mbappé
11%
Miley Cyrus
10%
Chris Brown
7%
Nicki Minaj
7%
Kevin Hart
5%
Gal Gadot
2%
No matching quizzes found
Score Distribution
Percent of People with Each Score
Percentile by Number Answered
Your Score History
You have not taken this quiz